| 000 | 00717nam a2200193 a 4500 | ||
|---|---|---|---|
| 001 | 000026235 | ||
| 005 | 20200930024422.0 | ||
| 008 | 110307s1994 dr r 000 0 spa d | ||
| 040 |
_aDO-SdBNP _bspa _cBNPHU |
||
| 082 |
_axxxx _bxxxx |
||
| 100 | 1 |
_aCampillo Pérez, Julio G. _931026 |
|
| 245 | 1 | 0 |
_aDocumentos del primer gobierno dominicano / _cJulio G. Campillo Pérez. |
| 260 |
_aSanto Domingo : _bJunta Central Gubernativa, _c1994. |
||
| 300 |
_a160 p. ; _c23 cm. |
||
| 490 | 1 |
_aSesquicentenario de la independencia nacional _v5 |
|
| 500 | _aIncluye referencias bibliográficas y notas al pie de las páginas | ||
| 590 | _aInventariado, 2019/BT | ||
| 830 | 0 |
_aSesquicentenario de la independencia nacional _n5 _953261 |
|
| 999 |
_c25727 _d25727 |
||